D-D Match Quiz Stats

 Plays Quiz not verified by Sporcle

Score 0/30 Timer 03:00
1 Play Today
% Correct
Dungeons &
96.8%
Dunkin'
96.4%
Donald
95.8%
Dumb and
95.5%
Duran
94.5%
Doctor
94.1%
Ding
93%
Dirty
92%
Dot to
91.4%
Dishonorable
89.3%
Drunk and
89.1%
Designated
88.2%
Daddy
87.9%
Demolition
86.6%
Doris
84%
% Correct
Dear
83.7%
Donnie
82.8%
Dare
77.4%
Dolby
74.4%
Day
74%
Disk
72%
Deputy
71.5%
Daily
70.4%
Double
68.9%
Dry
67.6%
Dudley
65.7%
Doomsday
63.7%
Dick
57.7%
Dalmatian
45.9%
Dandie
35.7%

You're not logged in!

Compare scores with friends on all Sporcle quizzes.
OR
Log In

Sporcle TV

Today on Sporcle TV


Watch our educational content, quiz creation guides, and fun videos on Sporcle TV.

Show Comments

Extras

Top Quizzes Today


Score Distribution

Your Account Isn't Verified!

In order to create a playlist on Sporcle, you need to verify the email address you used during registration. Go to your Sporcle Settings to finish the process.

Report this User

Report this user for behavior that violates our Community Guidelines.

Details: